[Event "Girls U12 Polish Youth Championship"]
[Site "chess24.com"]
[Date "2018.04.30"]
[Round "3"]
[White "Scisla, Oliwia"]
[Black "Pawicka, Magdalena"]
[Result "0-1"]
[Board "1"]
[WhiteElo "1469"]
[WhiteCountry "POL"]
[WhiteFideId "21820465"]
[WhiteEloChange "-3"]
[BlackElo "1789"]
[BlackCountry "POL"]
[BlackFideId "21836507"]
[BlackEloChange "3"]

1. e4 {[%clk 1:30:53]} c5 {[%clk 1:30:44]} 2. Nc3 {[%clk 1:30:49]} Nc6 {[%clk
1:31:01]} 3. f4 {[%clk 1:30:40]} e6 {[%clk 1:30:49]} 4. g3 {[%clk 1:30:20]} g6
{[%clk 1:29:03]} 5. Bg2 {[%clk 1:29:39]} Bg7 {[%clk 1:28:31]} 6. Nf3 {[%clk
1:28:36]} Nge7 {[%clk 1:28:29]} 7. O-O {[%clk 1:28:07]} O-O {[%clk 1:28:12]} 8.
d3 {[%clk 1:27:39]} d5 {[%clk 1:25:17]} 9. a3 {[%clk 1:22:39]} b6 {[%clk
1:21:29]} 10. e5 {[%clk 1:18:27]} Bb7 {[%clk 1:17:44]} 11. d4 {[%clk 1:17:24]}
Nf5 {[%clk 1:16:35]} 12. Ne2 {[%clk 1:17:20]} Ba6 {[%clk 1:15:18]} 13. dxc5
{[%clk 1:14:11]} bxc5 {[%clk 1:15:16]} 14. Re1 {[%clk 1:12:50]} Qb6 {[%clk
1:12:06]} 15. c3 {[%clk 1:09:06]} Rfd8 {[%clk 1:10:22]} 16. g4 {[%clk 1:07:56]}
Nfe7 {[%clk 1:09:48]} 17. Be3 {[%clk 0:59:09]} Bxe2 {[%clk 1:01:38]} 18. Rxe2
{[%clk 0:58:34]} d4 {[%clk 1:00:01]} 19. Bf2 {[%clk 0:58:08]} dxc3 {[%clk
0:59:06]} 20. Qc1 {[%clk 0:57:48]} cxb2 {[%clk 0:53:33]} 21. Rxb2 {[%clk
0:56:21]} Rd1+ {[%clk 0:52:40]} 22. Qxd1 {[%clk 0:56:16]} Qxb2 {[%clk 0:52:47]}
23. Bxc5 {[%clk 0:56:02]} Rd8 {[%clk 0:52:14]} 24. Qc1 {[%clk 0:55:59]} Qe2
{[%clk 0:49:02]} 25. h3 {[%clk 0:53:54]} Nd5 {[%clk 0:47:18]} 26. Rb1 {[%clk
0:48:47]} Qd3 {[%clk 0:44:13]} 27. Ng5 {[%clk 0:41:07]} Nxf4 {[%clk 0:40:26]} 28.
Qf1 {[%clk 0:34:29]} Nxe5 {[%clk 0:31:29]} 29. Qxd3 {[%clk 0:32:39]} Nexd3 {[%clk
0:31:03]} 30. Be7 {[%clk 0:32:02]} Rc8 {[%clk 0:30:19]} 31. Kh2 {[%clk 0:31:09]}
h6 {[%clk 0:29:21]} 32. Ne4 {[%clk 0:31:26]} Rc2 {[%clk 0:27:25]} 33. Rb8+ {[%clk
0:29:43]} Kh7 {[%clk 0:27:36]} 34. Kg1 {[%clk 0:28:19]} Rxg2+ {[%clk 0:26:17]}
35. Kf1 {[%clk 0:28:37]} Rb2 {[%clk 0:25:44]} 0-1

[Event "Girls U12 Polish Youth Championship"]
[Site "chess24.com"]
[Date "2018.04.30"]
[Round "3"]
[White "Starosta, Martyna"]
[Black "Rejniak, Zuzanna"]
[Result "1-0"]
[Board "2"]
[WhiteElo "1607"]
[WhiteTitle "WCM"]
[WhiteCountry "POL"]
[WhiteFideId "21818754"]
[WhiteEloChange "6"]
[BlackElo "1458"]
[BlackCountry "POL"]
[BlackFideId "21848017"]
[BlackEloChange "-6"]

1. e4 {[%clk 1:30:57]} c5 {[%clk 1:30:54]} 2. Nf3 {[%clk 1:31:19]} d6 {[%clk
1:31:16]} 3. d4 {[%clk 1:31:43]} cxd4 {[%clk 1:31:22]} 4. Nxd4 {[%clk 1:32:08]}
Nf6 {[%clk 1:31:45]} 5. Nc3 {[%clk 1:32:33]} a6 {[%clk 1:32:10]} 6. Bg5 {[%clk
1:32:55]} e6 {[%clk 1:31:40]} 7. f4 {[%clk 1:33:18]} h6 {[%clk 1:31:15]} 8. Bh4
{[%clk 1:32:51]} Be7 {[%clk 1:30:54]} 9. Qf3 {[%clk 1:32:48]} Qc7 {[%clk
1:30:00]} 10. O-O-O {[%clk 1:32:22]} Nbd7 {[%clk 1:28:56]} 11. h3 {[%clk
1:30:25]} Rg8 {[%clk 1:20:47]} 12. g4 {[%clk 1:26:41]} g5 {[%clk 1:18:56]} 13.
fxg5 {[%clk 1:25:18]} hxg5 {[%clk 1:19:20]} 14. Bg3 {[%clk 1:25:06]} Ne5 {[%clk
1:18:45]} 15. Qe2 {[%clk 1:24:27]} Bd7 {[%clk 1:15:31]} 16. Bg2 {[%clk 1:22:48]}
b5 {[%clk 1:13:26]} 17. a3 {[%clk 1:22:06]} Rc8 {[%clk 1:12:25]} 18. Nf3 {[%clk
1:21:11]} Nc4 {[%clk 1:11:21]} 19. e5 {[%clk 1:15:48]} Nxb2 {[%clk 0:54:59]} 20.
exd6 {[%clk 1:14:22]} Qxc3 {[%clk 0:55:18]} 21. Be5 {[%clk 1:14:09]} Qc4 {[%clk
0:55:36]} 22. Qxc4 {[%clk 1:12:53]} Nxc4 {[%clk 0:55:51]} 23. dxe7 {[%clk
1:12:41]} Nxe5 {[%clk 0:54:31]} 24. Nxe5 {[%clk 1:12:42]} Kxe7 {[%clk 0:54:28]}
25. Rhf1 {[%clk 1:12:13]} Rc5 {[%clk 0:51:44]} 26. Nxf7 {[%clk 1:10:05]} Rgc8
{[%clk 0:44:46]} 27. Rf2 {[%clk 1:09:43]} Bc6 {[%clk 0:44:14]} 28. Nd6 {[%clk
1:07:45]} Rd8 {[%clk 0:41:10]} 29. Nb7 {[%clk 1:05:10]} Rxd1+ {[%clk 0:40:26]}
30. Kxd1 {[%clk 1:05:23]} Rc4 {[%clk 0:39:56]} 31. Bxc6 {[%clk 0:59:12]} Rxc6
{[%clk 0:40:21]} 32. Rf3 {[%clk 0:59:09]} Ne4 {[%clk 0:35:21]} 33. Na5 {[%clk
0:58:13]} Rc3 {[%clk 0:34:50]} 34. Rxc3 {[%clk 0:54:34]} Nxc3+ {[%clk 0:35:16]}
35. Kc1 {[%clk 0:52:06]} Ne2+ {[%clk 0:35:27]} 36. Kd2 {[%clk 0:52:11]} Ng1
{[%clk 0:35:50]} 37. Nc6+ {[%clk 0:51:29]} Kd6 {[%clk 0:35:51]} 38. Nb4 {[%clk
0:50:34]} a5 {[%clk 0:36:16]} 39. Nd3 {[%clk 0:50:31]} Nxh3 {[%clk 0:36:40]} 40.
Ke3 {[%clk 0:50:39]} Kd5 {[%clk 0:36:33]} 41. Ne1 {[%clk 0:49:35]} e5 {[%clk
0:34:48]} 42. Nf3 {[%clk 0:49:26]} b4 {[%clk 0:32:47]} 43. a4 {[%clk 0:48:37]}
Kd6 {[%clk 0:26:04]} 44. Nd2 {[%clk 0:47:35]} Kd5 {[%clk 0:26:02]} 45. Nb3 {[%clk
0:45:11]} Nf4 {[%clk 0:21:34]} 46. Nxa5 {[%clk 0:44:52]} Ne6 {[%clk 0:19:06]} 47.
Nb3 {[%clk 0:44:44]} Kc4 {[%clk 0:17:33]} 48. Ke4 {[%clk 0:41:38]} Kc3 {[%clk
0:17:47]} 49. Kxe5 {[%clk 0:41:47]} Kxc2 {[%clk 0:17:59]} 50. Kxe6 {[%clk
0:41:13]} Kxb3 {[%clk 0:18:18]} 51. a5 {[%clk 0:41:39]} Kc2 {[%clk 0:18:44]} 52.
a6 {[%clk 0:42:04]} b3 {[%clk 0:19:10]} 53. a7 {[%clk 0:42:26]} b2 {[%clk
0:19:36]} 54. a8Q {[%clk 0:42:49]} b1Q {[%clk 0:19:57]} 55. Qe4+ {[%clk 0:43:14]}
Kc3 {[%clk 0:20:15]} 1-0

[Event "Girls U12 Polish Youth Championship"]
[Site "chess24.com"]
[Date "2018.04.30"]
[Round "3"]
[White "Tokarz, Izabela"]
[Black "Gaj, Magdalena"]
[Result "0-1"]
[Board "3"]
[WhiteElo "1337"]
[WhiteCountry "POL"]
[WhiteFideId "21849170"]
[WhiteEloChange "-4"]
[BlackElo "1585"]
[BlackCountry "POL"]
[BlackFideId "21804397"]
[BlackEloChange "4"]

1. d4 {[%clk 1:30:28]} d5 {[%clk 1:30:54]} 2. c4 {[%clk 1:30:37]} e6 {[%clk
1:31:19]} 3. Nc3 {[%clk 1:31:01]} f5 {[%clk 1:29:47]} 4. Nf3 {[%clk 1:31:17]} c6
{[%clk 1:30:12]} 5. Bf4 {[%clk 1:31:02]} Nf6 {[%clk 1:30:25]} 6. Ne5 {[%clk
1:30:09]} Bd6 {[%clk 1:30:45]} 7. e3 {[%clk 1:29:58]} O-O {[%clk 1:30:54]} 8. Bd3
{[%clk 1:25:49]} Ne4 {[%clk 1:29:49]} 9. Bxe4 {[%clk 1:21:28]} fxe4 {[%clk
1:30:01]} 10. Qg4 {[%clk 1:21:29]} Qe7 {[%clk 1:18:20]} 11. O-O {[%clk 1:20:49]}
Nd7 {[%clk 1:16:06]} 12. Nxd7 {[%clk 1:15:39]} Bxd7 {[%clk 1:16:20]} 13. Bxd6
{[%clk 1:15:12]} Qxd6 {[%clk 1:16:40]} 14. Rab1 {[%clk 1:14:45]} Rf5 {[%clk
1:11:33]} 15. Ne2 {[%clk 1:12:16]} Raf8 {[%clk 1:08:06]} 16. Ng3 {[%clk 1:12:23]}
R5f7 {[%clk 1:06:23]} 17. b4 {[%clk 1:11:17]} e5 {[%clk 1:04:42]} 18. dxe5 {[%clk
1:10:44]} Qxe5 {[%clk 1:04:56]} 19. Qe2 {[%clk 1:10:48]} Qg5 {[%clk 1:00:20]} 20.
b5 {[%clk 1:06:37]} Bg4 {[%clk 0:59:29]} 21. Qc2 {[%clk 1:06:35]} h5 {[%clk
0:56:54]} 22. Kh1 {[%clk 0:51:08]} h4 {[%clk 0:56:36]} 23. Ne2 {[%clk 0:49:02]}
Rxf2 {[%clk 0:55:24]} 24. Rxf2 {[%clk 0:47:18]} Rxf2 {[%clk 0:55:49]} 25. bxc6
{[%clk 0:47:08]} bxc6 {[%clk 0:53:03]} 26. cxd5 {[%clk 0:47:22]} cxd5 {[%clk
0:49:40]} 27. Rg1 {[%clk 0:47:43]} Rxe2 {[%clk 0:44:58]} 28. Qc6 {[%clk 0:48:04]}
h3 {[%clk 0:43:41]} 0-1

[Event "Girls U12 Polish Youth Championship"]
[Site "chess24.com"]
[Date "2018.04.30"]
[Round "3"]
[White "Zabrzanska, Weronika"]
[Black "Bialek, Alicja"]
[Result "1-0"]
[Board "4"]
[WhiteElo "1557"]
[WhiteCountry "POL"]
[WhiteFideId "21825173"]
[WhiteEloChange "4"]
[BlackElo "1315"]
[BlackCountry "POL"]
[BlackFideId "21836345"]
[BlackEloChange "-4"]

1. e4 {[%clk 1:30:59]} e5 {[%clk 1:30:53]} 2. Nf3 {[%clk 1:31:23]} Nf6 {[%clk
1:31:11]} 3. Nxe5 {[%clk 1:31:44]} d6 {[%clk 1:31:35]} 4. Nf3 {[%clk 1:31:49]}
Nxe4 {[%clk 1:31:57]} 5. d3 {[%clk 1:32:10]} Nf6 {[%clk 1:32:18]} 6. d4 {[%clk
1:32:32]} Be6 {[%clk 1:31:11]} 7. c4 {[%clk 1:26:31]} d5 {[%clk 1:21:39]} 8. Nbd2
{[%clk 1:17:20]} Be7 {[%clk 1:13:47]} 9. Be2 {[%clk 1:15:40]} O-O {[%clk
1:12:22]} 10. O-O {[%clk 1:15:28]} Nc6 {[%clk 1:12:08]} 11. c5 {[%clk 1:10:46]}
Ne4 {[%clk 1:09:52]} 12. Bd3 {[%clk 1:02:15]} Bf5 {[%clk 1:06:55]} 13. Qe2 {[%clk
0:58:37]} Bf6 {[%clk 0:59:33]} 14. Nb3 {[%clk 0:55:45]} Nb4 {[%clk 0:52:45]} 15.
Bb1 {[%clk 0:54:49]} Re8 {[%clk 0:52:39]} 16. Qb5 {[%clk 0:48:39]} Nc6 {[%clk
0:46:33]} 17. Qxb7 {[%clk 0:43:43]} Re6 {[%clk 0:41:39]} 18. Bf4 {[%clk 0:42:36]}
Rc8 {[%clk 0:40:35]} 19. h3 {[%clk 0:40:32]} g5 {[%clk 0:35:25]} 20. Bxe4 {[%clk
0:26:34]} dxe4 {[%clk 0:33:14]} 21. Nxg5 {[%clk 0:26:21]} Bxg5 {[%clk 0:29:22]}
22. Bxg5 {[%clk 0:26:36]} Qd7 {[%clk 0:29:30]} 23. d5 {[%clk 0:26:18]} Rg6 {[%clk
0:27:59]} 24. dxc6 {[%clk 0:24:53]} Qe6 {[%clk 0:26:31]} 25. Nd4 {[%clk 0:23:32]}
Qe5 {[%clk 0:26:24]} 26. Nxf5 {[%clk 0:22:33]} Qxf5 {[%clk 0:26:35]} 27. g4
{[%clk 0:16:44]} Qe6 {[%clk 0:26:28]} 28. f4 {[%clk 0:14:34]} Qe8 {[%clk
0:26:09]} 29. Rad1 {[%clk 0:13:06]} e3 {[%clk 0:25:09]} 30. Qxc8 {[%clk 0:12:13]}
Qxc8 {[%clk 0:25:17]} 31. Rd8+ {[%clk 0:12:37]} Qxd8 {[%clk 0:25:32]} 32. Bxd8
{[%clk 0:13:02]} Rxc6 {[%clk 0:25:50]} 33. b4 {[%clk 0:13:04]} Ra6 {[%clk
0:26:08]} 34. Bxc7 {[%clk 0:13:12]} Rxa2 {[%clk 0:26:31]} 35. Be5 {[%clk
0:13:27]} Ra4 {[%clk 0:26:25]} 36. Rb1 {[%clk 0:12:38]} e2 {[%clk 0:25:59]} 37.
Kf2 {[%clk 0:12:52]} Ra2 {[%clk 0:26:11]} 38. c6 {[%clk 0:12:13]} Rc2 {[%clk
0:26:26]} 39. c7 {[%clk 0:12:29]} Kf8 {[%clk 0:26:47]} 40. Rb2 {[%clk 0:11:44]}
Rxc7 {[%clk 0:26:32]} 41. Bxc7 {[%clk 0:12:06]} a6 {[%clk 0:26:39]} 42. Kxe2
{[%clk 0:12:11]} Ke7 {[%clk 0:27:01]} 43. Ra2 {[%clk 0:12:35]} Kd7 {[%clk
0:27:25]} 44. Be5 {[%clk 0:12:56]} Ke6 {[%clk 0:27:33]} 45. Rxa6+ {[%clk
0:13:18]} Kd5 {[%clk 0:27:42]} 46. Kd3 {[%clk 0:13:19]} f6 {[%clk 0:27:59]} 47.
Rd6# {[%clk 0:13:09]} 1-0

[Event "Girls U12 Polish Youth Championship"]
[Site "chess24.com"]
[Date "2018.04.30"]
[Round "3"]
[White "Oborska, Magda"]
[Black "Mroz, Lena"]
[Result "1/2-1/2"]
[Board "5"]
[WhiteElo "1336"]
[WhiteCountry "POL"]
[WhiteFideId "21852545"]
[WhiteEloChange "4"]
[BlackElo "1501"]
[BlackCountry "POL"]
[BlackFideId "21830916"]
[BlackEloChange "-4"]

1. d4 {[%clk 1:30:57]} d5 {[%clk 1:30:44]} 2. Bg5 {[%clk 1:31:20]} c6 {[%clk
1:27:35]} 3. Nf3 {[%clk 1:30:46]} Qb6 {[%clk 1:20:18]} 4. Qc1 {[%clk 1:24:37]}
Bg4 {[%clk 1:18:31]} 5. Nbd2 {[%clk 1:24:18]} h6 {[%clk 1:15:07]} 6. Bh4 {[%clk
1:24:13]} Nd7 {[%clk 1:14:37]} 7. e3 {[%clk 1:24:09]} Ngf6 {[%clk 1:09:58]} 8.
Bg3 {[%clk 1:21:47]} e6 {[%clk 1:09:15]} 9. c4 {[%clk 1:19:34]} c5 {[%clk
1:03:37]} 10. b3 {[%clk 1:16:23]} cxd4 {[%clk 1:01:45]} 11. Nxd4 {[%clk 1:16:01]}
a6 {[%clk 1:00:35]} 12. cxd5 {[%clk 1:15:30]} Nxd5 {[%clk 0:59:14]} 13. Qb2
{[%clk 1:15:21]} Be7 {[%clk 0:54:55]} 14. Bc4 {[%clk 1:15:13]} N5f6 {[%clk
0:49:28]} 15. O-O {[%clk 1:14:49]} O-O {[%clk 0:49:48]} 16. Be2 {[%clk 1:13:54]}
Bxe2 {[%clk 0:48:05]} 17. Nxe2 {[%clk 1:14:07]} Nh5 {[%clk 0:48:08]} 18. Rad1
{[%clk 1:13:15]} Nxg3 {[%clk 0:47:22]} 19. Nxg3 {[%clk 1:13:22]} Bf6 {[%clk
0:47:03]} 20. Qc2 {[%clk 1:13:24]} Rac8 {[%clk 0:47:13]} 21. Qe4 {[%clk 1:13:03]}
Qc6 {[%clk 0:39:55]} 22. Qxc6 {[%clk 1:12:13]} Rxc6 {[%clk 0:39:59]} 23. Nde4
{[%clk 1:11:17]} Rc7 {[%clk 0:36:24]} 24. Nh5 {[%clk 1:11:05]} Be7 {[%clk
0:35:37]} 25. Rc1 {[%clk 1:08:56]} Rfc8 {[%clk 0:35:18]} 26. Rxc7 {[%clk
1:07:17]} Rxc7 {[%clk 0:35:41]} 27. h3 {[%clk 1:07:12]} Rc2 {[%clk 0:34:58]} 28.
Rd1 {[%clk 1:07:18]} Nb6 {[%clk 0:34:03]} 29. a4 {[%clk 1:05:32]} Rb2 {[%clk
0:32:25]} 30. Rd3 {[%clk 1:01:15]} Ra2 {[%clk 0:25:15]} 31. Nd6 {[%clk 1:00:07]}
Bxd6 {[%clk 0:16:54]} 32. Rxd6 {[%clk 1:00:18]} Nd5 {[%clk 0:17:11]} 33. e4
{[%clk 0:58:54]} Nc3 {[%clk 0:16:43]} 34. Ng3 {[%clk 0:58:01]} Rb2 {[%clk
0:13:03]} 35. Rb6 {[%clk 0:55:48]} Nxa4 {[%clk 0:13:02]} 36. Rxb7 {[%clk
0:55:31]} Nc5 {[%clk 0:13:17]} 37. Rb8+ {[%clk 0:55:41]} Kh7 {[%clk 0:13:42]} 38.
b4 {[%clk 0:55:12]} Nd3 {[%clk 0:13:54]} 39. Rb6 {[%clk 0:52:46]} Nxb4 {[%clk
0:13:53]} 40. Ne2 {[%clk 0:49:56]} a5 {[%clk 0:13:30]} 41. Nc3 {[%clk 0:45:55]}
Rc2 {[%clk 0:07:48]} 42. Na4 {[%clk 0:44:27]} Rc4 {[%clk 0:07:38]} 43. Rb5 {[%clk
0:42:56]} Nc6 {[%clk 0:07:17]} 44. Nb2 {[%clk 0:40:27]} Rb4 {[%clk 0:06:24]} 45.
Rc5 {[%clk 0:40:23]} Rxb2 {[%clk 0:06:37]} 46. Rxc6 {[%clk 0:40:45]} a4 {[%clk
0:06:32]} 47. Ra6 {[%clk 0:41:06]} Ra2 {[%clk 0:06:55]} 48. f3 {[%clk 0:41:12]}
Kg6 {[%clk 0:06:56]} 49. Kh2 {[%clk 0:41:29]} Kf6 {[%clk 0:06:59]} 50. f4 {[%clk
0:41:35]} Ra1 {[%clk 0:05:54]} 51. Kg3 {[%clk 0:41:11]} a3 {[%clk 0:05:22]} 52.
Ra7 {[%clk 0:41:05]} a2 {[%clk 0:04:21]} 53. h4 {[%clk 0:39:55]} g5 {[%clk
0:03:35]} 54. hxg5+ {[%clk 0:32:49]} hxg5 {[%clk 0:03:56]} 55. f5 {[%clk
0:29:34]} exf5 {[%clk 0:03:35]} 56. exf5 {[%clk 0:29:28]} Kxf5 {[%clk 0:03:20]}
57. Rxf7+ {[%clk 0:29:41]} Kg6 {[%clk 0:03:11]} 58. Ra7 {[%clk 0:30:01]} Kh5
{[%clk 0:03:15]} 59. Rh7+ {[%clk 0:29:58]} Kg6 {[%clk 0:03:43]} 60. Ra7 {[%clk
0:30:15]} Kf5 {[%clk 0:03:50]} 61. Ra4 {[%clk 0:28:48]} 1/2-1/2

[Event "Girls U12 Polish Youth Championship"]
[Site "chess24.com"]
[Date "2018.04.30"]
[Round "3"]
[White "Barwinska, Ewa"]
[Black "Miranowska, Anna"]
[Result "1-0"]
[Board "6"]
[WhiteElo "1517"]
[WhiteCountry "POL"]
[WhiteFideId "21833761"]
[WhiteEloChange "2"]
[BlackElo "1146"]
[BlackCountry "POL"]
[BlackFideId "21847274"]
[BlackEloChange "-2"]

1. e4 {[%clk 1:30:59]} c6 {[%clk 1:30:56]} 2. d4 {[%clk 1:31:08]} d5 {[%clk
1:31:25]} 3. Nc3 {[%clk 1:30:32]} dxe4 {[%clk 1:31:51]} 4. Nxe4 {[%clk 1:29:49]}
Nd7 {[%clk 1:32:17]} 5. Ng5 {[%clk 1:29:19]} Ngf6 {[%clk 1:32:23]} 6. Bd3 {[%clk
1:28:59]} h6 {[%clk 1:30:38]} 7. Ne6 {[%clk 1:27:53]} Qb6 {[%clk 1:26:37]} 8.
Nxf8 {[%clk 1:27:36]} Nxf8 {[%clk 1:24:36]} 9. Nf3 {[%clk 1:26:14]} N8d7 {[%clk
1:23:54]} 10. O-O {[%clk 1:24:52]} O-O {[%clk 1:24:05]} 11. c4 {[%clk 1:22:53]}
c5 {[%clk 1:21:15]} 12. d5 {[%clk 1:20:29]} Qc7 {[%clk 1:18:28]} 13. Re1 {[%clk
1:19:18]} Re8 {[%clk 1:16:15]} 14. b3 {[%clk 1:17:38]} b6 {[%clk 1:13:38]} 15.
Bb2 {[%clk 1:15:56]} Bb7 {[%clk 1:11:22]} 16. h3 {[%clk 1:11:05]} Rad8 {[%clk
1:09:55]} 17. Qc2 {[%clk 1:08:41]} Qd6 {[%clk 0:57:39]} 18. Ne5 {[%clk 1:06:30]}
Nxe5 {[%clk 0:57:10]} 19. Bxe5 {[%clk 1:06:51]} Qd7 {[%clk 0:57:15]} 20. Bf5
{[%clk 1:06:04]} e6 {[%clk 0:56:50]} 21. dxe6 {[%clk 1:06:03]} fxe6 {[%clk
0:56:55]} 22. Bg6 {[%clk 1:03:41]} Rf8 {[%clk 0:55:23]} 23. Rad1 {[%clk 1:02:09]}
Qc6 {[%clk 0:51:09]} 24. f3 {[%clk 1:01:37]} Rd7 {[%clk 0:33:00]} 25. Rxd7 {[%clk
0:57:20]} Qxd7 {[%clk 0:33:16]} 26. Rd1 {[%clk 0:57:02]} Qc8 {[%clk 0:28:33]} 27.
Qd3 {[%clk 0:52:24]} Bc6 {[%clk 0:25:27]} 28. Qe3 {[%clk 0:41:52]} Rd8 {[%clk
0:13:38]} 29. Re1 {[%clk 0:38:19]} Rf8 {[%clk 0:07:43]} 30. Bd6 {[%clk 0:37:06]}
Rd8 {[%clk 0:06:35]} 31. Be7 {[%clk 0:37:14]} Rd4 {[%clk 0:04:22]} 32. Bxf6
{[%clk 0:32:55]} gxf6 {[%clk 0:04:05]} 33. Qxh6 {[%clk 0:31:22]} Qc7 {[%clk
0:02:07]} 34. Qe3 {[%clk 0:30:16]} Rd6 {[%clk 0:01:41]} 35. h4 {[%clk 0:27:59]}
Kg7 {[%clk 0:01:32]} 36. h5 {[%clk 0:28:20]} Kg8 {[%clk 0:00:56]} 37. h6 {[%clk
0:28:01]} Kh8 {[%clk 0:01:15]} 38. Qf4 {[%clk 0:25:17]} e5 {[%clk 0:01:31]} 39.
Qh4 {[%clk 0:24:26]} Qd8 {[%clk 0:00:42]} 40. h7 {[%clk 0:22:42]} Bd7 {[%clk
0:00:31]} 1-0

[Event "Girls U12 Polish Youth Championship"]
[Site "chess24.com"]
[Date "2018.04.30"]
[Round "3"]
[White "Szopa, Emilia"]
[Black "Szczotka, Matylda"]
[Result "1/2-1/2"]
[Board "7"]
[WhiteElo "1261"]
[WhiteCountry "POL"]
[WhiteFideId "21858853"]
[WhiteEloChange "-2"]
[BlackElo "1204"]
[BlackCountry "POL"]
[BlackFideId "21858918"]
[BlackEloChange "2"]

1. e4 {[%clk 1:30:51]} e5 {[%clk 1:30:54]} 2. Nf3 {[%clk 1:31:13]} Nc6 {[%clk
1:31:16]} 3. Bc4 {[%clk 1:31:27]} Bc5 {[%clk 1:31:37]} 4. O-O {[%clk 1:31:36]}
Nf6 {[%clk 1:31:47]} 5. d3 {[%clk 1:31:26]} d6 {[%clk 1:31:29]} 6. c3 {[%clk
1:31:25]} a6 {[%clk 1:31:44]} 7. Bb3 {[%clk 1:31:38]} Ba7 {[%clk 1:31:50]} 8.
Nbd2 {[%clk 1:31:36]} h6 {[%clk 1:31:43]} 9. Re1 {[%clk 1:31:51]} g5 {[%clk
1:30:42]} 10. Nf1 {[%clk 1:31:52]} g4 {[%clk 1:29:39]} 11. N3d2 {[%clk 1:31:38]}
h5 {[%clk 1:29:12]} 12. Nc4 {[%clk 1:31:41]} Qe7 {[%clk 1:23:39]} 13. Be3 {[%clk
1:30:56]} Bxe3 {[%clk 1:23:22]} 14. Ncxe3 {[%clk 1:30:42]} Be6 {[%clk 1:22:34]}
15. Bc2 {[%clk 1:30:10]} h4 {[%clk 1:17:35]} 16. d4 {[%clk 1:29:30]} Na7 {[%clk
1:14:25]} 17. a4 {[%clk 1:25:20]} Rg8 {[%clk 1:10:40]} 18. Nd2 {[%clk 1:22:07]}
O-O-O {[%clk 1:02:46]} 19. b4 {[%clk 1:20:39]} Rh8 {[%clk 1:01:21]} 20. d5 {[%clk
1:20:25]} Bd7 {[%clk 1:01:02]} 21. b5 {[%clk 1:20:28]} a5 {[%clk 1:00:12]} 22.
Ndc4 {[%clk 1:19:21]} b6 {[%clk 0:59:42]} 23. Nf1 {[%clk 1:18:40]} Rdg8 {[%clk
0:58:19]} 24. Qe2 {[%clk 1:17:04]} Nh5 {[%clk 0:56:54]} 25. g3 {[%clk 1:13:06]}
Nf6 {[%clk 0:49:49]} 26. Qe3 {[%clk 1:11:42]} Kb7 {[%clk 0:48:49]} 27. Rab1
{[%clk 1:07:02]} Qd8 {[%clk 0:43:51]} 28. Rb2 {[%clk 1:05:47]} Be8 {[%clk
0:42:27]} 29. Reb1 {[%clk 1:04:59]} Nc8 {[%clk 0:41:15]} 30. Nfd2 {[%clk
1:04:26]} Nd7 {[%clk 0:36:14]} 31. Nb3 {[%clk 1:02:45]} Nc5 {[%clk 0:34:50]} 32.
Nbd2 {[%clk 0:52:23]} Rg6 {[%clk 0:32:45]} 33. Bd1 {[%clk 0:50:05]} Bd7 {[%clk
0:31:45]} 34. Ra1 {[%clk 0:48:21]} Rgh6 {[%clk 0:29:45]} 35. Nb3 {[%clk 0:46:27]}
Nxb3 {[%clk 0:29:27]} 36. Bxb3 {[%clk 0:46:45]} R8h7 {[%clk 0:28:18]} 37. Bd1
{[%clk 0:45:36]} Qh8 {[%clk 0:26:51]} 38. Raa2 {[%clk 0:45:03]} f5 {[%clk
0:26:04]} 39. Kh1 {[%clk 0:39:48]} hxg3 {[%clk 0:25:00]} 40. fxg3 {[%clk
0:40:05]} Rf6 {[%clk 0:24:19]} 41. exf5 {[%clk 0:38:30]} Bxf5 {[%clk 0:22:56]}
42. Rf2 {[%clk 0:35:46]} Rh5 {[%clk 0:20:14]} 43. Kg1 {[%clk 0:34:21]} Rfh6
{[%clk 0:20:01]} 44. Qd2 {[%clk 0:31:29]} Ne7 {[%clk 0:18:39]} 45. Ne3 {[%clk
0:30:53]} Rg6 {[%clk 0:17:51]} 46. Nxf5 {[%clk 0:25:33]} Nxf5 {[%clk 0:18:02]}
47. Bc2 {[%clk 0:22:48]} Rgg5 {[%clk 0:17:16]} 48. Bd1 {[%clk 0:20:35]} Nxg3
{[%clk 0:14:27]} 49. Rg2 {[%clk 0:18:22]} Ne4 {[%clk 0:14:25]} 50. Qe3 {[%clk
0:16:37]} Nf6 {[%clk 0:14:27]} 51. Raf2 {[%clk 0:14:51]} Rg6 {[%clk 0:13:41]} 52.
Bc2 {[%clk 0:13:47]} Rgh6 {[%clk 0:13:22]} 53. Bf5 {[%clk 0:13:01]} Rh4 {[%clk
0:13:10]} 54. Qg5 {[%clk 0:11:48]} R6h5 {[%clk 0:12:20]} 55. Qg6 {[%clk 0:11:00]}
1/2-1/2